Peak performance : (Record no. 72740)

MARC details
000 -LEADER
fixed length control field 00914nam a22002777i 4500
003 - CONTROL NUMBER IDENTIFIER
control field URS
005 - DATE AND TIME OF LATEST TRANSACTION
control field 20251001091329.0
008 - FIXED-LENGTH DATA ELEMENTS--GENERAL INFORMATION
fixed length control field 161222s2010 nyu||||| |||| 00| 0 eng d
020 ## - INTERNATIONAL STANDARD BOOK NUMBER
International Standard Book Number 07-3375-12-8
040 ## - CATALOGING SOURCE
Language of cataloging eng
Description conventions rda
Transcribing agency URS
050 14 - LIBRARY OF CONGRESS CALL NUMBER
Classification number LB 1062
Item number F415 2010
100 1# - MAIN ENTRY--PERSONAL NAME
Personal name Ferret, Sharon
245 10 - TITLE STATEMENT
Title Peak performance :
Remainder of title success in college and beyond /
Statement of responsibility, etc Sharon K. Ferrett
250 ## - EDITION STATEMENT
Edition statement Seventh edition
264 #1 - PUBLICATION, DISTRIBUTION, ETC. (IMPRINT)
Place of publication, distribution, etc Boston :
Name of publisher, distributor, etc McGraw-Hill Higher Education,
Date of publication, distribution, etc 2010.
300 ## - PHYSICAL DESCRIPTION
Extent xv, 524 pages :
Other physical details color illustration ;
Dimensions 28 cm.
336 ## - CONTENT TYPE
Source rdacontent
Content type term text
337 ## - MEDIA TYPE
Source rdamedia
Media type term unmediated
338 ## - CARRIER TYPE
Source rdacarrier
Carrier type term volume
500 ## - GENERAL NOTE
General note Includes index.
524 ## - PREFERRED CITATION OF DESCRIBED MATERIALS NOTE
Preferred citation of described materials note Ferrett, Sharon K. (2010). Peak performance : success in college and beyond. (7th edition) Boston: McGraw-Hill.
650 #0 - SUBJECT ADDED ENTRY--TOPICAL TERM
Topical term or geographic name as entry element Academic achievement
650 #0 - SUBJECT ADDED ENTRY--TOPICAL TERM
Topical term or geographic name as entry element Career development.
650 #0 - SUBJECT ADDED ENTRY--TOPICAL TERM
Topical term or geographic name as entry element Performance
942 ## - ADDED ENTRY ELEMENTS (KOHA)
Koha item type Foreign Books
Source of classification or shelving scheme Library of Congress Classification
Holdings
Withdrawn status Lost status Source of classification or shelving scheme Damaged status Not for loan Collection code Home library Current library Shelving location Date acquired Total Checkouts Full call number Barcode Date last seen Price effective from Koha item type Source of acquisition Copy number
    Library of Congress Classification       Angono College Library Angono College Library Foreign Section 03/24/2026   LB1062 .F415 2010 URSANG-2465 03/24/2026 03/24/2026 Foreign Books    
    Library of Congress Classification     Non-fiction Tanay College Library Tanay College Library Reserve Section 12/22/2016   LB 1062 F415 2010 URSTAN-N1397 12/06/2018 12/18/2014 Foreign Books    
    Library of Congress Classification     Non-fiction Taytay College Library Taytay College Library Foreign Section 07/18/2012   LB1060.6 .F47 2010 URSTAY-3380 07/16/2025   Foreign Books Donation 1
    Library of Congress Classification     Non-fiction Taytay College Library Taytay College Library Foreign Section 07/18/2012   LB1060.6 .F47 2010 URSTAY-3381 07/16/2025   Foreign Books Donation 2

University of Rizal System
Email us at univlibservices@urs.edu.ph

Visit our Website www.urs.edu.ph/library